The Continuum of Literacy Learning, Grades 3-8: A Guide to Learning (Record no. 23692)

MARC details
000 -LEADER
fixed length control field 00670nam a22002057a 4500
003 - CONTROL NUMBER IDENTIFIER
control field OSt
005 - DATE AND TIME OF LATEST TRANSACTION
control field 20260609151426.0
008 - FIXED-LENGTH DATA ELEMENTS--GENERAL INFORMATION
fixed length control field 260609b |||||||| |||| 00| 0 eng d
020 ## - INTERNATIONAL STANDARD BOOK NUMBER
International Standard Book Number 9780325012384
040 ## - CATALOGING SOURCE
Transcribing agency Chuka University Library
050 ## - LIBRARY OF CONGRESS CALL NUMBER
Classification number LB 1576 .P5 2007
100 ## - MAIN ENTRY--PERSONAL NAME
Personal name PinneLl Gay Su
9 (RLIN) 27723
245 ## - TITLE STATEMENT
Title The Continuum of Literacy Learning, Grades 3-8: A Guide to Learning
300 ## - PHYSICAL DESCRIPTION
Extent Various Pagings
Other physical details Illustrated
650 ## - SUBJECT ADDED ENTRY--TOPICAL TERM
Topical term or geographic name entry element Language Arts (Elementary)
650 ## - SUBJECT ADDED ENTRY--TOPICAL TERM
Topical term or geographic name entry element Reading (Elementary)
650 ## - SUBJECT ADDED ENTRY--TOPICAL TERM
Topical term or geographic name entry element English Language-Composition and Exercises-Study and Teaching (Elementary)
9 (RLIN) 27779
700 ## - ADDED ENTRY--PERSONAL NAME
Personal name Fountas Irene C.
9 (RLIN) 27725
942 ## - ADDED ENTRY ELEMENTS (KOHA)
Source of classification or shelving scheme Library of Congress Classification
Koha item type Long Loan Books
Suppress in OPAC No
Holdings
Withdrawn status Lost status Source of classification or shelving scheme Damaged status Not for loan Collection Home library Current library Shelving location Date acquired Source of acquisition Cost, normal purchase price Total Checkouts Full call number Barcode Date last seen Price effective from Koha item type
    Library of Congress Classification     General Collection Books Main Campus Library Main Campus Library General Stacks 09/06/2026 Donations From Books For Africa 864.50   LB 1576 .P5 2007 33551/2026 09/06/2026 09/06/2026 Long Loan Books

Powered by Koha